Una Curiosa exposición de naipes, en la Biblioteca Central
Colección:
San Jorge,
; núm. 2 (abril 1951), pàg. 77
Idioma:
Español
MARC
| LEADER | 00000naa a2200000 a 4500 | ||
|---|---|---|---|
| 003 | Arxiu | ||
| 005 | 20260324181040.0 | ||
| 008 | 160829s1951 spc xx s spa c | ||
| 040 | |a agdb | ||
| 245 | 0 | 4 | |a Una Curiosa exposición de naipes, en la Biblioteca Central |
| 490 | |a San Jorge, |v núm. 2 (abril 1951), pàg. 77 | ||
| 610 | 2 | 0 | |a Biblioteca Central (Barcelona, Catalunya) |v Exposicions |9 54534 |
| 650 | |a Jocs de cartes |x Exposicions |9 31340 | ||
| 710 | 2 | |a Biblioteca Central (Barcelona, Catalunya) |9 54533 | |
| 773 | |t San Jorge. |g Núm. 2 (abril 1951), pàg. 76 | ||
| 901 | |a Arxiu | ||
| 942 | |n 1 |2 udc |c ART | ||
| 952 | |0 0 |1 0 |4 0 |7 1 |9 64560 |a Arxiu |b Arxiu |d 2022-12-01 |o Rev-508 |r 2022-12-01 00:00:00 |w 2022-12-01 |y ARXIU |z També disponible a Rev-521 | ||
| 999 | |c 49004 |d 49004 | ||